| 000 | 01236nam a2200325 i 4500 | ||
|---|---|---|---|
| 003 | DO-SdBNP | ||
| 005 | 20250407101427.0 | ||
| 007 | ta | ||
| 008 | 250407t2024 dr a b 000 j spa d | ||
| 020 | _z9789945185089 | ||
| 040 |
_aDO-SdBNP _bspa _cBNPHU _erda |
||
| 082 |
_axxx _bF633 _222 |
||
| 100 | 1 |
_aFlorentino, Maritza _eautora _4aut. _987364 |
|
| 245 | 1 | 0 |
_aMushino va de fiesta / _cMaritza Florentino : ilustraciones, Henry Cid |
| 264 | 4 |
_aSanto Domingo : _bEditora Búho, _c©2024. |
|
| 300 |
_a24 páginas _bilustraciones ; _c22 cm. |
||
| 336 |
_atexto _btxt _2rdacontent |
||
| 337 |
_asin mediación _bn _2rdamedia |
||
| 338 |
_avolumen _bnc _2rdacarrier |
||
| 500 | _aIncluye datos biografícos de la autora en la página 24. | ||
| 500 | _aUn libro es un regalo para el corazón. | ||
| 500 | _aIncluye actividades interactiva. | ||
| 520 | _aA través de la historia de el personaje principal se reflejan diversos valores de la convivencia social cotidiana, como son: la resiliencia y la alegría de vivir. | ||
| 521 | _aA partir de 2 a 8 años. | ||
| 590 | _aInventariado, 2025/ YL | ||
| 650 | 7 |
_aLiteratura infantil _92053 |
|
| 700 | 1 |
_aCid, Henry _eilustraciones _4il. _9346 |
|
| 910 | _aYLockward | ||
| 942 |
_2ddc _cLF2 |
||
| 999 |
_c58632 _d58632 |
||